[Event "Dallas UTD"]
[Site "Dallas"]
[Date "2004.12.15"]
[Round "9"]
[White "Novikov, Igor A"]
[Black "Fernandez, Daniel"]
[Result "1-0"]
[WhiteElo "2588"]
[BlackElo "2391"]
[Annotator "Mikhalevski,V"]
[PlyCount "47"]
[EventDate "2004.12.07"]
[EventType "tourn"]
[EventRounds "9"]
[EventCountry "USA"]
[EventCategory "10"]
[SourceTitle "CBM 105"]
[Source "ChessBase"]
[SourceDate "2005.04.11"]
[SourceVersion "1"]
[SourceVersionDate "2005.04.11"]
[SourceQuality "1"]

1. d4 d5 2. c4 e6 3. Nf3 c6 4. Qc2 (4. Nc3 Nf6 5. Bg5 Nbd7 6. e3 Qa5) 4... Nf6
5. Bg5 Nbd7 6. Nbd2 Qa5 {This strange version of Cambridge Springs with the
white knight on d2 instead of c3 has been known for 45 years! Black carries
the same idea. he unpins the knight and prepares to exploit the pin along the
a5-e1-diagonal by means of Ne4. Here it makes less sense than in the earlier
case as the d2-knight is sufficiently protected.} 7. a3 {A useful move. This
way White frees the rook form defense of the a2-pawn and also takes under
control the b4-square.} ({The origin game saw} 7. Bxf6 $6 Nxf6 8. e3 c5 9. cxd5
Nxd5 10. Be2 cxd4 11. Nxd4 Bb4 12. N4b3 Qc7 {and Black at least solved opening
problems. 1/2-1/2 Averbakh,Y-Nei,I/Leningrad 1960/URS-ch (41). (41)}) ({
In a recent game of young players White tested} 7. g3 Ne4 8. Be3 Ndf6 9. Bh3
Nxd2 10. Bxd2 Qd8 11. O-O Bd6 12. Bg5 O-O 13. Bg2 h6 14. Bxf6 Qxf6 15. c5 Bc7
16. e4 dxe4 17. Qxe4 $14 {and obtained a slight, but long-lasting edge. 1-0
Rodshtein,M-Matlakov,M/Kirishi 2004/CBM 100 ext (42). (41)}) 7... Ne4 (7...
dxc4 $5 {deserves a serious attention.} 8. Qxc4 c5 $1 9. dxc5 Qxc5 10. e3 Qxc4
11. Bxc4 Bd6 12. Ke2 Nb6 13. Bd3 Bd7 14. Rhc1 O-O 15. Ne4 Nxe4 16. Bxe4 f6 17.
Bh4 Rab8 {and it's not easy for White to prove his superiority. time. 1-0
Kharlov,A-Yasinsky,V/Elista 1994/CBM 044 (34)}) 8. Bf4 g5 $6 {An optimistic
idea. Black's trying to exchange g and c-pawns and obtains a bad version of
Botvinnik variation of Slav.} ({Earlier Black played more naturally.} 8... Ndf6
$5 9. e3 Ng4 {[%csl Rf2]} 10. Be2 $1 Bb4 (10... Ngxf2 $6 11. O-O $1 Nxd2 12.
Nxd2 $16) 11. Bg3 f5 $6 (11... e5 $5 $36 {[%cal Gc8f5]}) 12. Qd1 Be7 13. b4 Qd8
14. Nxe4 dxe4 15. Nd2 {with a positional advantage for White. 1/2-1/2 Breahna,
R-Diulger,A/Bucharest 2000/EXT 2001 (42). (41)}) (8... h6 9. h4 Ndf6 10. c5 $1
Qd8 11. Ne5 Be7 12. Nxe4 Nxe4 13. g3 $14 {and White is better thanks to
control over the e5-square. 1-0 Brenninkmeijer,J-Feinstein,M/New York 1993/TD 
(65)}) (8... Be7 9. h4 O-O 10. e3 f5 11. Bd3 Ndf6 12. h5 Bd7 13. c5 (13. h6 $5)
13... Ng4 14. Bxe4 fxe4 15. Ne5 Nxe5 16. Bxe5 Bf6 17. Bd6 Rfe8 18. b4 Qd8 19.
f4 $1 $14 {and again White took control over the e5-square. 1-0 Genov,
P-Karakehajov,K/Sofia BUL 2003/The Week in Chess 445 (50). (49)}) 9. Bxg5 {
White decides to keep a knight.} ({Also} 9. cxd5 {was interesting forcing} Qxd5
({In case of} 9... gxf4 $2 {White wins a pawn.} 10. Qxe4 cxd5 11. Qxf4) 10.
Qxe4 Qxe4 11. Nxe4 gxf4 12. g3 $14) ({Not so clear} 9. Nxg5 Nxg5 10. Bxg5 dxc4
11. Bf4 b5 12. b3 (12. g3 $5 {[%cal Gf1g2]}) 12... Bg7 (12... cxb3 $2 {loses to
} 13. Qxc6 $18) 13. e3 e5 $1 14. dxe5 Nxe5 15. Bxe5 (15. bxc4 bxc4 (15... Nf3+
$2 {is just bad} 16. gxf3 Bxa1 17. Qe4+ Be6 18. Qxc6+ $18) 16. Bxc4 $6 Bf5 $1)
15... Bxe5 16. Qe4 Qc3 17. Rd1 $1 (17. Qxc6+ $6 Bd7 18. Qxa8+ Ke7 19. Qxa7
Qxa1+ 20. Ke2 Rc8 {is in Black's favour.}) 17... O-O 18. bxc4 Rd8 {and Black's
compensation shouldn't be underestimated.}) 9... Nxg5 10. Nxg5 dxc4 11. Ngf3 ({
Of course not} 11. Nxh7 $2 Bg7 {and the knight is stuck on h7.}) 11... b5 12.
g3 Bb7 13. Bg2 c5 $1 {It seems that Black solved opening problems, but White
development advantage shouldn't be underestimated. Novikov proves it with the
following idea.} 14. O-O cxd4 15. a4 $1 {Destroying the pawn structure on the
queenside.} Rc8 $4 {A serious mistake, after which Black can hardly survive.} (
15... d3 {allows Black to win a pawn, but he remains back in develoment which
is extremely dangerous.} 16. exd3 cxd3 17. Qxd3 bxa4 18. Rfd1 {and White
develops a dangerous initiative.}) (15... Bc5 {was worth trying.} 16. axb5 Qxb5
17. Nxc4 Bd5 18. Rfc1 $14 {and Black is still in the game.}) 16. axb5 Qb6 (
16... Qxb5 17. Nxd4 Qb6 18. Bxb7 Qxb7 19. Nxc4) 17. Nxc4 Qxb5 (17... Qc5 {
doesn't help much:} 18. Rfc1 $1 Nb6 ({or} 18... Bh6 19. Nd6+ $1 (19. Nfd2)
19... Qxd6 20. Qxc8+ Bxc8 21. Rxc8+ Ke7 22. Rxh8 $16 {with a big advantage for
White.}) 19. Rxa7 Bxf3 20. Bxf3 Qxc4 21. Bc6+ Rxc6 22. bxc6 $18 {and Black is
in trouble.}) 18. Rfc1 $16 {[%csl Ra7,Rd4] Now White wins at least a pawn.} Qc5
({or} 18... Nb6 19. Nxd4 Qb4 20. Bc6+ $1 Bxc6 21. Nxb6 $1 axb6 22. Nxc6 Qb5 23.
Qd1 $18 {with a decisive advantage for White.} (23. Ra7 $5)) 19. b4 $5 {
White forces a winning endgame.} (19. Qd2 {[%csl Rd4][%cal Gc4a5] was also
enough for a decisive advantage.}) 19... Qxb4 20. Rab1 Rxc4 21. Qxc4 Qxc4 22.
Rxc4 Be4 23. Rc8+ ({Also immediate} 23. Ra1 $18 {is possible.}) 23... Ke7 24.
Ra1 $18 {Black resigned because he is an exchange down without any
compensation.} 1-0

[Event "FIDE-Wch k.o."]
[Site "Tripoli"]
[Date "2004.06.20"]
[Round "1.2"]
[White "Delchev, Aleksander"]
[Black "Galkin, Alexander"]
[Result "1-0"]
[WhiteElo "2602"]
[BlackElo "2602"]
[Annotator "Mikhalevski,V"]
[PlyCount "79"]
[EventDate "2004.06.19"]
[EventType "k.o."]
[EventRounds "7"]
[EventCountry "LBY"]
[SourceTitle "CBM 102"]
[Source "ChessBase"]
[SourceDate "2004.09.23"]
[SourceVersion "1"]
[SourceVersionDate "2004.09.23"]
[SourceQuality "1"]

1. d4 d5 2. c4 e6 3. Nf3 c6 4. Qc2 Nf6 5. Bg5 h6 6. Bh4 dxc4 7. Qxc4 b5 8. Qc2
Bb7 9. e3 Nbd7 10. Nbd2 Rc8 {Black wants to prepare c5 without playing a6.} ({
Other options are} 10... a6 11. a4 Rc8 12. Be2 (12. axb5 cxb5 13. Qb3 Bd5 14.
Qd1 Qb6 15. Bd3 Bb4 {and Black solved opening problems. 1/2-1/2 Ostenstad,
B-Gausel,E/Roros NOR 2002/The Week in Chess 401 (22). (22)}) 12... c5 13. d5
Bxd5 14. axb5 axb5 15. Bxb5 Be7 16. Ne5 {0-1 Gamback,B-Shumiakina,T/Gausdal
NOR 2003/The Week in Chess 428 (104)} (16. e4 $142 $1 Bc6 17. Bxc6 Rxc6 18. Nc4
O-O 19. O-O {with a clear positional advantage for White.})) ({and} 10... Qb6
$146 11. Be2 Rc8 12. Qb3 a5 $1 13. a3 Be7 14. O-O O-O 15. Ne5 a4 $1 16. Qd3
Nxe5 17. dxe5 Rcd8 $1 {and Black obtained a good play in Psakhis-Pavasovic,
Pula zt 2000. CBM77[Psakhis]}) 11. Be2 ({White also tried} 11. Qb3 Qa5 12. Bxf6
gxf6 13. Be2 Rg8 14. O-O a6 15. a4 b4 16. Rfc1 {1/2-1/2 Gustafsson,J-Varga,Z/
Charleville 2000/CBM 79 ext (16).}) 11... Be7 ({Immediate} 11... c5 $2 {
leads to an easy advantage for White after} 12. Bxf6 gxf6 13. d5 $1 Bxd5 14.
Bxb5 Bd6 15. e4 Bc6 16. Nc4 $1 $16 {1-0 Ibragimov-Filippov, RUS-ch Elista 1996/
CBM56 [Tsesarsky].}) 12. O-O c5 {Galkin already tested this move earlier and
didn't have problems to equalize. See below.} 13. d5 $5 $146 {Probably this
novelty was prepared by Delchev at home. White's idea is to create hanging
pawns on c5 and d5 and then to attack them. The arising position is typical
for the Tartakower system of the Queen's gambit declined.} ({Earlier White
tried two other options, but couldn't get a shadow of advantage.} 13. dxc5 Rxc5
14. Qb1 Qb6 15. b4 Rc8 16. a4 bxa4 17. Rxa4 Nd5 18. Nc4 Rxc4 19. Bxc4 Nc3 20.
Qb3 Nxa4 21. Bxe7 Kxe7 22. Qxa4 Bxf3 23. gxf3 Rc8 24. Be2 Nf6 25. Ra1 Rc7 $11 {
1/2-1/2 Simic,R-Kosic,D/Becici 1993/EXT 2000 (30). (30)}) (13. Bxf6 Bxf6 14.
Ne4 Bxe4 15. Qxe4 Qb6 16. dxc5 {1/2-1/2 Izoria,Z-Galkin,A/Ohrid 2001/CBM 84 
(16)}) 13... exd5 14. Bxb5 O-O 15. Rfd1 {Unusual for the Queen's gambit
position of the queen knight on d2 has certain advantages. For example Black's
typical break in the centre by means of d4 doesn't work as the f3-knight is
protected by other knight.} Re8 {Black prepares Qb6, but the move looks a
little bit artificially. I don't like the pin along the a4-e8 diagonal,
although the position remains playable.} (15... a6 {dpesn't help to unpin the
pieces as the bishop comes from the other side.} 16. Bd3 {[%cal Gd3f5]}) (15...
c4 $5 {[%cal Ga7a6,Gd7b6] trying to expoit an "advanced" position of the
light-squared bishop on b5 deserved attention. This move would underline a
drawback of the d2-knight comparing to c3, namely lack of pressure on the
black centre.}) 16. Rac1 Qb6 17. Qa4 Bc6 $6 {I believe this move is the source
of further problems. Black exchanges a number of pieces and the pawns become
vulnerable.} ({Black had to unpin the d7-knight by means of} 17... Red8 $5 {
allowing a beautiful tactical blow. However it turns out to be not dangerous
for Black, to say the least.} 18. b4 $6 ({Although} 18. Bxd7 {doesn't promise
much it should be preffered over 18.b4.} Rxd7 19. Bxf6 Bc6 $1 20. Qc2 Bxf6 21.
Qxc5 Qxb2 22. Rc2 Bb7 23. Qxc8+ Bxc8 24. Rxb2 Bxb2 {[%csl Gb2,Gc8,Rd5] and a
pair of bishops should be able to compensates weakness of the d5-pawn.}) 18...
c4 $1 19. Bxd7 Rxd7 20. Nxc4 $1 (20. Bxf6 Bc6 $1) 20... Rxc4 21. Rxc4 dxc4 22.
Rxd7 Nxd7 23. Bxe7 Qg6 $1 $36 {and Black develops an unpleasant intiative.})
18. Bxc6 Qxc6 19. Qxc6 Rxc6 20. Nb1 $1 {The knight goes to c3 in order to
attack the centre.} Rb8 21. b3 c4 {Black gives up the d4-square and gets
nothing in return. However it wasn't easy to create any counterplay.} 22. Nd4
Rc5 23. Nc3 $14 {White knights occupied the best squares.} Rbc8 $2 {This is
already a serious mistake. After allowing b4 the pawns on c4 and d5 are
becoming real weaknesses. Moreover Black faces a concrete problem.} 24. b4 R5c7
25. Ncb5 $1 $16 {Suddenly it turns out that Black loses an exchange.} Bxb4 ({Or
} 25... Rb7 26. Nf5 $1 Bxb4 27. Nbd6 Bxd6 28. Nxd6 $16 {[%csl Rb7,Rc8] and
White should be able to convert his material advantage into a win.}) 26. Nxc7
Rxc7 27. Rb1 a5 28. f3 $5 {White covers the e4-square.} ({There was also a
concrete approach.} 28. a3 Bc5 29. Bxf6 Nxf6 30. Rb8+ Kh7 31. Nb5 Rc6 32. Kf1
$16) 28... Rc8 29. Nc2 Bc3 30. Kf1 a4 31. Rb5 {[%cal Gd1b1] Devchev improves
the position step by step.} Re8 32. Rdb1 Kh7 33. Bxf6 $1 {White prepares a
decisive manoeuvre.} Nxf6 34. Rb8 {An exchange of rooks finishes the game. So
Black tried} Re5 (34... Re6 $5) 35. R1b7 $18 (35. Ra8 $5 {was also possible
winning the a-pawn.}) 35... Bd2 36. Kf2 c3 37. Rd8 $1 {A clever decision.
Devchev avoids any complications which could arise in case of} (37. Rxf7 Bxe3+
$1 38. Nxe3 d4 39. Ng4 Nxg4+ 40. fxg4 c2 $1 41. Rc8 d3 42. Rcc7 Kh8 43. Rfd7
Re2+ {and White would have to play a rook endgame.}) 37... Kg6 38. Ke2 h5 39.
g3 Re6 40. Kd3 {and Black resigned as he can't save either a or f-pawn. The
game is a good positional achivement of Aleksander Delchev.} (40. Kd3 {[%csl
Ra4,Rf7][%cal Gd8a8,Gd8f8]} Ra6 (40... Re5 41. Ra8 Rf5 42. Ke2) 41. Rf8) 1-0

[Event "RUS-ch qual 57th"]
[Site "Tomsk"]
[Date "2004.05.24"]
[Round "2"]
[White "Sorokin, Maxim"]
[Black "Yudin, Sergei"]
[Result "1-0"]
[WhiteElo "2583"]
[BlackElo "2425"]
[Annotator "Mikhalevski,V"]
[PlyCount "95"]
[EventDate "2004.05.23"]
[EventType "swiss"]
[EventRounds "9"]
[EventCountry "RUS"]
[SourceTitle "CBM 102"]
[Source "ChessBase"]
[SourceDate "2004.09.23"]
[SourceVersion "1"]
[SourceVersionDate "2004.09.23"]
[SourceQuality "1"]

1. Nf3 d5 2. d4 e6 3. c4 c6 4. Qc2 Nf6 5. Bg5 dxc4 6. Qxc4 b5 7. Qd3 {I was
very surprised when I found no games played by this move. Sometimes position
of the queen on d3 can be useful. For example when black prepares c5 by means
of a6 white meets it with a4 and the b5-pawn is attacked both by the a-pawn
and queen which prevents c5.} ({Previously white tested only} 7. Qc2 {Here's a
short list of commented games.} Bb7 8. e3 (8. Nbd2 {1-0 Eljanov-Lastin,
Aeroflot 2002 CBM 88 [Tsesarsky]}) (8. Bxf6 {0-1 Ivanov,S-Kharlov,A/Maikop
1998/CBM 66 [Tsesarsky,I](35)}) (8. e4 Nbd7 9. Bd3 a6 10. a4 h6 11. Bh4 Qb6 12.
Nbd2 c5 $11 {1/2-1/2 Lastin,A-Grischuk,A/Elista 2000/CBM 79 no vc (19)}) 8...
Nbd7 9. Be2 (9. Nbd2 {1/2-1/2 Sanjay,N-Kharlov,A/Calcutta 2001/CBM 82_01 
[Tsesarsky,I](44)}) ({More popular is} 9. Bd3) 9... a6 (9... Be7 $6 $14 {
1-0 Goldin,A-Sandipan,C/Qingdao 2002/CBM 91/[Tsesarsky] (46)}) 10. a4 {
Krasenkow-Tregubov, Wijk aan Zee 2002/CBM 87[Tsesarsky].}) 7... Bb7 8. g3 {
Since the the d3-square is occupied by queen White develops the bishop to a
long diagonal.} Nbd7 ({Immediate} 8... c5 {is interesting and leads to mutual
play after} 9. Qxb5+ Bc6 10. Qd3 cxd4 11. Bg2 e5 12. Qf5 Nbd7 13. O-O g6 (13...
Be4 14. Qxe4 Nxe4 15. Bxd8 Rxd8 $13) 14. Qc2 Rc8) 9. Bg2 a6 10. a4 Qb6 ({
Black could try to refute whole White's setup by means of} 10... c5 $1 11. axb5
axb5 12. Rxa8 Qxa8 13. Qxb5 (13. O-O c4) (13. Nc3 $2 Qa1+) 13... Bc6 $1 14. Qd3
(14. Qc4 Bd5 15. Qd3 Be4) 14... Be4 15. Qd1 cxd4 16. O-O e5 17. Nbd2 Bd5 {
and black seems to be ok.}) 11. O-O c5 12. axb5 axb5 13. Rxa8+ Bxa8 14. dxc5
Bxc5 (14... Nxc5 {doesn't promise full equality in view of} 15. Qd4 Ncd7 16.
Bxf6 gxf6 17. Rd1 $1 $14 {and the b5-pawn is weak.}) 15. Nc3 Bc6 $6 {This
natural move allows White to create some pressure.} (15... b4 $2 16. Na4) ({
Correct was} 15... Ng4 $1 16. Qxb5 (16. e3 f6 17. Bf4 e5 18. Rd1 Nf8 {is also
acceptable for Black}) 16... Bxf2+ 17. Kh1 h6 18. Bf4 Bc6 $1 {and Black solves
opening problems.}) 16. Bxf6 $1 Nxf6 ({In case of} 16... gxf6 {White exchanges
one of the black bishops and obtains better play.} 17. Ne4 $1) 17. Ne5 {
The point of all previous play. White trades the light-squared bishops and
exploits weakness of the light squares.} Bxg2 18. Kxg2 b4 $2 {Yudin doesn't
feel danger. After this inaccurate move he will have problems to defend the
b-pawn.} ({Before playing b4 it was necessary to drive white centralized
knight out.} 18... Bd6 $1 19. Nf3 b4 20. Qb5+ Qxb5 21. Nxb5 Be7 (21... Ke7 22.
Nxd6 Kxd6 23. Rd1+ Ke7 (23... Kc5 24. Ne5 Rf8 25. Rd7 $1 {[%csl Rf7]}) 24. Rd4
Rb8 25. Ne5 {[%cal Ge5c6,Gd4b4]}) 22. Nbd4 {[%cal Gd4c6] with a slight
advantage for White.}) 19. Qb5+ $1 (19. Na4 {is not dangerous in view of} Qb7+)
19... Qxb5 20. Nxb5 $16 {[%cal Gf1c1,Ge5d3] I don't see how to save the b-pawn.
Here we can see the cost of an inaccuracy. One inaccurate move led to the
devastating consequences.} Ke7 21. Rc1 Rc8 22. Nd3 {[%csl Rb4][%cal Gd3b4] The
simplest.} ({Also} 22. Na7 {allowed to win a pawn, but the move in the game is
simplier.} Ra8 (22... Rc7 23. Nec6+ $1 Kd6 24. Nb5+ Kxc6 25. Nxc7) 23. Nac6+ $1
Kd6 24. Nd3 $1 Kxc6 25. Rxc5+ Kd6 26. Rb5) 22... Nd7 (22... Ne4 {changes
nothing.} 23. Nxb4 $16) 23. Nxb4 Kd8 24. Nd3 Rb8 $1 25. Nxc5 Rxb5 26. Nd3 Ne5
$1 {Black correctly looks for escape in the rook ending.} 27. Nxe5 ({In case of
} 27. Rc5 Rxc5 28. Nxc5 Kc7 29. Nd3 Nc4 {White may have some problems with the
b-pawn, although I believe he still should be able to win.}) 27... Rxe5 28. Kf3
Rb5 29. Rc2 {The rest is a matter of technique. White brings the king to the
queenside and eventually promotes the b-pawn.} Kd7 30. Ke4 (30. h4 $5) 30... g5
$1 31. Kd3 Kd6 32. Kc4 Rd5 (32... Rc5+ $5 33. Kb3 Rd5) 33. Kb4 (33. b4 $5)
33... Rd1 34. f3 Rh1 35. e3 Re1 36. f4 g4 $2 (36... h6 $1 {left more chances.})
37. Ka5 $1 Rxe3 38. b4 f5 $2 (38... f6 $5 {[%cal Ge6e5]}) 39. b5 $18 {The
b-pawn is unstoppable.} Ra3+ 40. Kb4 Ra1 41. b6 h5 42. Kb5 Rb1+ 43. Ka6 Ra1+
44. Kb7 e5 45. fxe5+ Kxe5 46. Kc6 Ke4 47. b7 Rb1 48. Rc5 {[%cal Gc5b5]} 1-0